Random Words in Turkish - Statistics

General Stats
  • This quiz has been taken 22 times
  • The average score is 11 of 20
Answer Stats
Hint Answer % Correct
Car Araba
100%
Fire Ateş
100%
Shoe Ayakkabı
100%
I Ben
100%
Five Beş
100%
One Bir
100%
Child Çocuk
100%
Apple Elma
100%
Sun Güneş
100%
Map Harita
100%
Bad Kötü
100%
Hello Merhaba
100%
Russia Rusya
100%
City Şehir
100%
Water Su
100%
Board Tahta
100%
Turkey Türkiye
100%
Orange Turuncu/Portakal
100%
Swim Yüzmek
100%
Eight Sekiz
83%
Eye Göz
80%
Week Hafta
80%
Good İyi
80%
Her O
80%
Forest Orman
80%
Pineapple Ananas
75%
Better Daha iyi
75%
Square Kare
75%
Cat Kedi
75%
Pasta Makarna
75%
Teacher Öğretmen
75%
Month Ay
67%
This Bu
67%
Air Hava
67%
Blue Mavi
67%
Money Para
67%
Year Yıl
67%
Red Kırmızı
60%
Why Neden
60%
Black Siyah
57%
Alphabet Alfabe
50%
Flag Bayrak
50%
Wall Duvar
50%
France Fransa
50%
Day Gün
50%
Who Kim
50%
Continent Kıta
50%
Dog Köpek
50%
Ear Kulak
50%
Yummy Lezzetli
50%
Table Masa
50%
When Ne Zaman
50%
Pants Pantolon
50%
Hair Saç
50%
Dessert Tatlı
50%
Phone Telefon
50%
Earth Toprak
50%
Plane uçak
50%
Leaf Yaprak
50%
Adult Yetişkin
50%
Star Yıldız
50%
Timer Zamanlayıcı/Saat
50%
Shirt Gömlek
43%
Tree Ağaç
40%
Province Vilayet/Il
40%
Dance Dans
33%
Fan Fan
33%
Planet Gezegen
33%
Hamlet Hamlet
33%
Cord Kordon
33%
Student Öğrenci
33%
Comb Tarak
33%
Ceiling Tavan
33%
Toilet Tuvalet
25%
Basket Sepet
20%
Smile Gülümsemek
14%
Net Açık
0%
Dookey Aptal
0%
Sink Atmak
0%
Gross Brüt
0%
Era Çağ
0%
Hoop Çember
0%
Desert Çöl
0%
Laugh Gülmek
0%
Italy İtalya
0%
Pencil Kalem
0%
Tape Kaset
0%
Blind Kör
0%
Banana Muz
0%
Focus Odak
0%
Bus Otobüs
0%
Battery Pil
0%
Chair Sandalye
0%
Frown Somurtmak
0%
Ball Top
0%
Eat Yemek
0%
Time Zaman
0%
No matching quizzes found
Score Distribution
Percent of People with Each Score
Percentile by Number Answered
Your Score History
You have not taken this quiz